000 00777nam a22002297a 4500
999 _c7921
_d7921
003 AR-CdUCM
008 190321b ||||| |||| 00| 0 spa d
040 _aMUNICIPALIDAD PROVINCIAL DEL CUSCO
_cBIBLIOTECA MUNICIPAL DEL CUSCO
041 _hfre
082 _a635 /
_bAN57
100 _aAndrieux, Vilmorin
_922388
245 _aGuia de la huerta y del jardín /
260 _aBarcelona :
_bGustavo gili,
_c1989.
300 _a124 paginas ;
_bIlustraciones,
_c21 cm
505 _aContenido : El huerto -- Descripción y cultivo de las especies hortícolas -- El jardín -- Los arboles frutales -- Calendario.
650 _aHuerta
_922389
650 _aJardin
_922390
650 _aHorticultura
_919445
650 _aJardineria
_919750
942 _2ddc
_cLIBROS
945 _awnts